000 02657agaaa2200349 4500
001 0456
003 IT-RoPAU
005 20220918181224.0
007 d cvaizq
008 50131s9999||||xx ||| | || ||und||
040 _aIT-RoPAU
_cIT-RoPAU
041 _aITALIANO
100 _aKantor Frantz
_gCodice regista SPICS: 60178
_937303
130 _aTORRE DI BABELE E IL VIAGGIO DI ABRAMO (IL) - SODOMA E GOMORRA
_937304
240 _aANIMATED KID'S BIBLE (THE)
_gT3874
245 _aTORRE DI BABELE E IL VIAGGIO DI ABRAMO (IL) - SODOMA E GOMORRA
_cProdotto da: Broadbrige Tom -- Sceneggiatura: Capamagian Brian Broadbrige Nigel T. Cronin C.J. Hunnam M. -- Diretto da: Kantor Frantz
_pTORRE DI BABELE E IL VIAGGIO DI ABRAMO (IL) - SODOMA E GOMORRA (Rif. Codice opera principale : K0456)
246 _aANIMATED KID'S BIBLE (THE)
250 _aEdizione Standard
260 _a(USA)
_bN.d. / Distribuzione: MULTIMEDIA SAN PAOLO
_g"2005 (1° ed.: 2010 ; Ed. Lingua Orig.: 2005)"
300 _aDVD
_bsonoro, col.
_c105 minuti
508 _a"Montaggio: Ford G. Jennings P. ; Musica: Ball Marty; Sceneggiatura: Capamagian Brian Broadbrige Nigel T. Cronin C.J. Hunnam M. ; Scenografia: Kantor Frantz ; Soggetto: Broadbrige Nigel T. -- Capamagian Brian"
511 _a"; "
520 _aSECONDO DVD DELLA SERIE LE AVVENTURE DELLA BIBBIA DA ADAMO A GESU'. LA BIBBIA ANIMATA IN 3D. MOLTO TEMPO DOPO IL DILUVIO LA DISCENDENZA DI NOE' SI DIFFONDE. LE NUOVE POPOLAZIONI DIVENUTI POTENTI E ARROGANTI SFIDANO DIO COSTRUENDO UN'IMMENSA TORRE PER RAGGIUNGERE IL CIELO. DIO, PER PUNIRLI, FA SI CHE OGNUNO DI LORO PARLI UNA LINGUA SCONOSCIUTA, E' IL CAOS TOTALE ED E' COSI' CHE LA TORRE DI BABELE VIENE ABBANDONATA. SECOLI DOPO DIO ORDINA AD ABRAMO DI LASCIARE LA SUA TERRA E PARTIRE VERSO UN PAESE DA LUI INDICATO. ABRAMO PARTE CON LA MOGLIE SARA E IL NIPOTE LOT. ABRAMO VIENE A CONOSCENZA CHE LOT E' STATO FATTO PRIGIONIERO DAI NEMICI DI SODOMA E GOMORRA E COSI' PARTE IN AIUTO DEL NIPOTE, SCONFIGGE I NEMICI E SALVA LOT E LA SUA FAMIGLIA. VISTO IL PROLIFERARSI DEI MALVAGI NELLE CITTA' DI SODOMA E GOMORRA, DIO DECIDE DI UCCIDERE TUTTI GLI ABITANTI CON UNA TERRIBILE TEMPESTA DI FUOCO.
538 _aPAL, STEREO
546 _aITALIANO
650 _aANIMAZIONE 3D
_eDVD-FILM [DVD]
_xCodice MATERIA SPICS: 9947
_937305
700 _aBall Marty
_e(musica)
_gCodice Musica SPICS: 60181
_937306
700 _aBroadbrige Nigel T.
_e(soggetto)
_gCodice Soggetto SPICS: 60179
_937307
700 _aCapamagian Brian
_e(soggetto)
_gCodice Soggetto 2° SPICS: 60180
_937308
700 _aKantor Frantz
_e(regista)
_gCodice regista SPICS: 60178
_937309
942 _cDV
_2ddc
999 _c104722
_d104722